• 首页
  • 本馆介绍
  • 公告通知
  • 最新文献
  • 馆藏检索
  • 电子资源
  • 读者导购
  • 参考咨询
  • 我的图书馆
  • 登录
  • 详细信息显示
  • 放入我的书架
  • 预约/预借图书
  • 作者相关作品
  • 分类相关作品
  • 丛书相关作品
  • 出版社相关作品

书目信息

  • 表格格式
  • 工作单格式
  • 卡片格式
题名:
中草药识别和应用图典
    
 
作者: 刘春生 , 王海 主编
分册:  
出版信息: 北京   化学工业出版社  2008
页数: 310页
开本: 19cm
丛书名:
单 册:
中图分类: R282.71-64
科图分类:
主题词: 药用植物--图集 , 药用植物
电子资源:
ISBN: 978-7-122-02231-8
000 00902nam0 2200253 45
001 1050879531
005 20100420093515.49
010    @a978-7-122-02231-8@dCNY39.80
100    @a20100409d2008 em y0chiy0120 ea
101 0  @achi
102    @aCN@b110000
105    @aa z 001yy
106    @ar
200 1  @a中草药识别和应用图典@AZhong Cao Yao Shi Bie He Ying Yong Tu Dian@f刘春生,王海主编@FLiu Chun Sheng, Wang Hai Zhu Bian
210    @a北京@c化学工业出版社@d2008
215    @a310页@d19cm
330    @a本书介绍了常见中草药约300种,分别从形态特征、采收加工、功效等几个方面予以详细介绍,每种中草药识别要点在正文和图片上一一对应,并精选了名医验方,秘方数千例。
606 0  @a药用植物@j图集
606 0  @a药用植物
690    @aR282.71-64@v4
701  0 @a刘春生@ALiu Chun Sheng@4主编
701  0 @a王海@AWang Hai@4主编
801  0 @aCN@bTANGWEI@c20100420
905    @b0591354-58@dR282.71-64@e263@f5
    
    中草药识别和应用图典/刘春生,王海主编.-北京:化学工业出版社,2008
    310页;19cm
    
    
    ISBN 978-7-122-02231-8:CNY39.80
    本书介绍了常见中草药约300种,分别从形态特征、采收加工、功效等几个方面予以详细介绍,每种中草药识别要点在正文和图片上一一对应,并精选了名医验方,秘方数千例。
●
相关链接 在E读中查询图书 在五车中查询图书 在当当中查询图书 在豆瓣中查询图书


正题名:中草药识别和应用图典     索取号:R282.71-64/263         预约/预借

序号 登录号 条形码 馆藏地/架位号 状态 备注
1 0591354   205913546   第二样本阅览室/ [索取号:R282.71-64/263] 在馆    
2 0591355   205913555   第三借阅区/ [索取号:R282.71-64/263] 在馆    
3 0591356   205913564   第三借阅区/ [索取号:R282.71-64/263] 在馆    
4 0591357   205913573   第三借阅区/ [索取号:R282.71-64/263] 在馆    
5 0591358   205913582   生命科学系资料室/ [索取号:R282.71-64/263] 在馆    
唐山师范学院图书馆 欢迎您!
大连网信软件有限公司© 版权所有